000
00233nam a22000857a 4500
008
160706b xxu||||| |||| 00| 0 eng d
100
_9
2377
_a
Sekharam, K.S
245
_a
Our Useful Plants
260
_a
New Delhi
_b
National Book Trust
_c
1982
999
_c
2054
_d
2054